Pays sans les lettres de "QATAR" - Statistiques

Statistiques générales
  • Ce quiz a été pris 20 fois
    6 depuis la dernière actualisation
  • Le résultat moyen est 12 sur 20
Statistiques - réponses
Continents Pays % Correct
Amérique du Sud Chili
100%
Afrique Benin
80%
Amérique du Sud Bolivie
80%
Asie Inde
80%
Europe Kosovo
80%
Amérique du Nord Belize
60%
Asie Chine
60%
Amérique du Sud Colombie
60%
Océanie Fidji
60%
Asie Indonésie
60%
Afrique Libye
60%
Europe Pologne
60%
Europe Slovénie
60%
Europe Suède
60%
Asie Yemen
60%
Afrique Guinée
40%
Asie Mongolie
40%
Afrique Seychelles
40%
Europe Suisse
40%
Asie Philippines
0%
Aucun quiz correspondant
Distribution des résultats
% des personnes avec chaque résultat
Percentile par nombre de réponses
Votre historique - résultats
Vous n’avez pas pris ce quiz depuis la dernière actualisation